| 000 | 00427nam a2200145Ia 4500 | ||
|---|---|---|---|
| 008 | 220326s9999||||xx |||||||||||||| ||und|| | ||
| 020 | _a979-96603-7-8 | ||
| 084 | _a10146 ANO Gov Bo.1 | ||
| 100 | _aAnonim | ||
| 245 | 0 | _aDesentralisasi Dalam Perspektif Lokal | |
| 260 |
_bPustaka Percik _c2004 |
||
| 300 | _axv + 191 halaman | ||
| 650 |
_aGovernment (Pemerintahan) _eG-O-V _yDesentralisasi Dalam Perspektif Lokal |
||
| 942 | _cBK | ||
| 999 |
_c12741 _d12741 |
||